Normal view
MARC view
- Gauguin, Paul,
Entry Nombre Personal
001 - NUMERO DE CONTROL
- campo de control: 46775
003 - IDENTIFICADOR DE NUMERO DE CONTROL
- campo de control: UPN
005 - FECHA Y HORA DE LA ÜLTIMA TRANSACCIÓN
- campo de control: 20220926180747.0
008 - DATOS DE LONGITUD FIJA
- campo de control de longitud fija: 220926nn acannaabn n ana d
040 ## - FUENTE DE CATALOGACIÓN
- Agencia original de catalogación: UPN
100 1# - ENCABEZAMIENTO - NOMBRE PERSONAL
- Nombre personal: Gauguin, Paul,
- Fechas asociadas con el nombre: 1848-1903
- Subdivisión temática general : Viajes
- Subdivisión geográfica : Islas Marquesas
670 ## - FUENTE EN LA QUE SE LOCALIZARON DATOS
- Cita de la fuente: LC/P
- Información localizada: Gauguin, Paul, 1848-1903 - Travel - French Polynesia - Marquesas Islands
902 ## - CATALOGADOR
- Catalogador: CAA/260922
